Spravodaj mesačník Slovenskej obchodnej a priemyselnej komory
Salvato in:
| Natura: | Periodico |
|---|---|
| Lingua: | slovacco |
| Pubblicazione: |
Bratislava
Trendy
|
| Soggetti: | |
| Tags: |
Nessun Tag, puoi essere il primo ad aggiungerne!!
|
MARC
| LEADER | 00000nas1a22000001 4500 | ||
|---|---|---|---|
| 001 | s120231 | ||
| 005 | 20230529100057.1 | ||
| 041 | 0 | |a slo | |
| 044 | |a SK | ||
| 245 | 1 | 0 | |a Spravodaj |b mesačník Slovenskej obchodnej a priemyselnej komory |
| 264 | 1 | |a Bratislava |b Trendy | |
| 500 | |a Od Roč. 13, č. 9 (6.9.2004) vychádza pod názvom: Obchod, priemysel, hospodárstvo | ||
| 610 | 2 | 0 | |a komory obchodné |
| 610 | 2 | 0 | |a podnikanie |
| 610 | 2 | 0 | |a obchod |